00691cam a2200169 a 4500020001500000040000800015082002900023100002100052245004100073250001200114260012400126300002900250520019600279650001500475650001600490650001500506 a0875185436 cDLC00a947 MAX 1992 A100 Or.aB1 aAyer, Eleanor H.10aBoris Yeltsin :bman of the people / a1st ed. aNew York :bDillon Press ;aToronto :bMaxwell Macmillan Canada ;aNew York :bMaxwell Macmillan International,cc1992. a144 p. :bill. ;c24 cm. aTraces the life of the Russian leader from his childhood on a collective farm through his education as a civil engineer to his election as the first President of the Russian republic in 1991. 0aPresidents 0aPoliticians 1aPresidents